000 01180nam a2200349Ia 4500
003 OSt
005 20221007121241.0
006 a|||||r|||| 00| 0
007 ta
008 221006b |||||||| |||| 00| 0 eng d
020 _a9780815341062 (pbk)
024 _a187121
037 _b126, 11/09/2012, Dhanraj Book House
_cTextual
040 _aBDL
_cBDL
_beng
041 _2eng
_aeng
082 _aG11, P8 Carb
100 _aAlberts Bruce
_9395434
245 0 _aMolecular biology of cell
_b Johnson Alexander Lewis Julian Raff Martin Roberts Keith Walter Peter
250 _a5
260 _aNew
_bYork Garland
_c2008
300 _axxxiii, 1268p. Includes CD-ROM
_ccm.
500 _aGlossary G:1-G:40; Index I:1-I:49
650 _a Cytology
650 _a Molecular biology
_9414923
650 _aBiology
700 _a Johnson Alexander
_9435403
700 _a Lewis Julian
700 _a Raff Martin
_9451601
700 _a Roberts Keith
942 _hG11, P8 Carb
_cTEXL
_2CC
999 _c1208613
_d1208613